000 00714nam a2200241 a 4500
008
020 _a0673397319 (hbk.)
049 _aMAIN
090 _aRT41
100 1 _aCaliandro, Gloria.
245 1 0 _aPrimary nursing practice/
_cGloria, Caliandro and Barbara L. Judkins.
260 _aGlenview, :
_bScott, Fresman/Little, Brown College,
_cc1988
300 _axi, 663 p. :
_bill. ;
_c1998.
504 _aIncudes bibliographical references.
500 _aincludes index.
650 _aMedicine, clinical.
650 1 _aNursing
907 _a.b10192207
_b14-02-06
_c14-02-06
003
005 20230120203923.0
040 _cNUST
942 _cBOOKS
_kRT41
999 _c113893
_d113893